• 首页
  • 本馆介绍
  • 公告通知
  • 最新文献
  • 馆藏检索
  • 电子资源
  • 读者导购
  • 参考咨询
  • 我的图书馆
  • 登录
  • 详细信息显示
  • 放入我的书架
  • 预约/预借图书
  • 作者相关作品
  • 分类相关作品
  • 丛书相关作品
  • 出版社相关作品

书目信息

  • 表格格式
  • 工作单格式
  • 卡片格式
题名:
物业环境绿化与清洁管理实操一本通
    
 
作者: 余源鹏 主编
分册:  
出版信息: 北京   机械工业出版社  2009
页数: 139页
开本: 24cm
丛书名: 物业管理服务实操一本通丛书
单 册:
中图分类: F293.33 , S731.5
科图分类:
主题词: 物业管理--环境管理 , 绿化--物业管理 , 物业管理--卫生管理 , 物业管理 , 环境管理
电子资源:
ISBN: 978-7-111-26251-0
000 01071oam2 2200301 45
005 20100303110548.35
010    @a978-7-111-26251-0@dCNY24.00
100    @a20100120d2009 ekmy0chiy0120 ea
101 0  @achi
102    @aCN@b110000
105    @aa z 000yy
106    @ar
200 1  @a物业环境绿化与清洁管理实操一本通@AWu Ye Huan Jing Lu^ Hua Yu Qing Jie Guan Li Shi Cao Yi Ben Tong@f余源鹏主编@FYu Yuan Peng Zhu Bian
210    @a北京@c机械工业出版社@d2009
215    @a139页@c图@d24cm
225 2  @a物业管理服务实操一本通丛书
330    @a本书讲述了物业环境管理的各方面内容,包括环境管理总述、绿化管理、清洁管理三部分,运用大量图表、案例,对物业日常管理中涉及的制度、流程、规范、方法等内容进行介绍。
461  0 @12001 @a物业管理服务实操一本通丛书
606 0  @a物业管理@x环境管理
606 0  @a绿化@x物业管理
606 0  @a物业管理@x卫生管理
606 0  @a物业管理
606 0  @a环境管理
690    @aF293.33@v4
690    @aS731.5@v4
701  0 @a余源鹏@AYu Yuan Peng@4主编
801  0 @aCN@bTANGWEI@c20100303
905    @b0584414-18@dF293.33@e772@f5
    
    物业环境绿化与清洁管理实操一本通/余源鹏主编.-北京:机械工业出版社,2009
    139页:图;24cm.-(物业管理服务实操一本通丛书)
    
    
    ISBN 978-7-111-26251-0:CNY24.00
    本书讲述了物业环境管理的各方面内容,包括环境管理总述、绿化管理、清洁管理三部分,运用大量图表、案例,对物业日常管理中涉及的制度、流程、规范、方法等内容进行介绍。
●
相关链接 在E读中查询图书 在五车中查询图书 在当当中查询图书 在豆瓣中查询图书


正题名:物业环境绿化与清洁管理实操一本通     索取号:F293.33/772         预约/预借

序号 登录号 条形码 馆藏地/架位号 状态 备注
1 0584414   205844149   第一样本阅览室/ [索取号:F293.33/772] 在馆    
2 0584415   205844158   密集书库-海洋学院/ [索取号:F293.33/772] 在馆    
3 0584416   205844167   第一借阅区/ [索取号:F293.33/772] 在馆    
4 0584417   205844176   第一借阅区/ [索取号:F293.33/772] 在馆    
5 0584418   205844185   第一借阅区/ [索取号:F293.33/772] 在馆    
唐山师范学院图书馆 欢迎您!
大连网信软件有限公司© 版权所有